Expressions avec pied, main... - Statistiques

Statistiques générales
  • Ce quiz a été pris 228 fois
  • Le résultat moyen est 45 sur 60
Statistiques - réponses
1ère lettre(s) Expression % Correct
A Pour ses examens Marie travaille d'{arrache}-pied
98%
C J'ai mal au {cou}-de-pied
97%
C Gilles est venu me donner un {coup} de main
96%
C Jean a donné un {coup} de pied à sa soeur
96%
A Ce voleur a commis une attaque à main {armée}
95%
B Cet individu est {bête} comme ses pieds
94%
C Il m'a {coupé} l'herbe sous le pied
94%
C Marie a enfin trouvé {chaussure} à son pied
93%
S Jeanne ne quitte jamais son {sac} à main
92%
F Attendre de pied {ferme}
91%
F J'ai oublié de serrer le {frein} à main de la voiture
90%
G Je me suis levé du pied {gauche}
90%
L Prendre au pied de la {lettre}
90%
L J'ai repris cette mission au pied {levé}
88%
T Il est curieux, il me regarde de la {tête} aux pieds
87%
M Jacques aime la {marche} à pied sur 50 km
87%
D Je ne sais pas sur quel pied {danser}
87%
T Le cavalier met pied à {terre}
87%
P Le courrier a été remis en mains {propres} à son destinataire
87%
M Quand il frappe, Paul n'y va pas de main {morte}
87%
T Très réaliste, il a les pieds sur {terre}
87%
C Ce bruit me {casse} les pieds
86%
J Les enfants aiment sauter à pieds {joints} dans les flaques
86%
L J'aime les kits mains {libres} pour téléphoner
85%
L Je ne peux agir, je suis pieds et poings {liés}
85%
M Sanctionné, il a été {mis} à pied
85%
L L'assemblée a voté à main {levée}
84%
R Après sa maladie, Jules se {remet} sur pied
83%
C Chloé fait de la {course} à pied
82%
P S'y {prendre} comme un pied
82%
P J'ai mis les pieds dans le {plat}
81%
B Ma voiture est en {bonnes} mains avec ce mécanicien
81%
F Mon col de dentelle est {fait} main
81%
M Pour naviguer, mieux vaut avoir le pied {marin}
81%
P Mon patron a une {poignée} de main très ferme, il me fait mal
80%
P Le succès est à {portée} de main
78%
M Jacques a mené cette mission de main de {maître}
75%
B Julie a fait main {basse} sur le reste de la salade
74%
T Louis {traîne} les pieds pour aller à l'école
73%
J Il s'est {jeté} aux pieds du roi pour obtenir sa grâce
72%
B 2 fois Avoir {bon} pied, {bon} oeil
71%
P Il roule pied au {plancher}
71%
J 2 fois {Jeu} de main, {jeu} de vilain disait ma grand-mère
71%
S Passer à pied {sec}
66%
S J'ai acheté une occasion de {seconde} main
64%
B Je prends en cabine mon {bagage} à main
63%
C Mes parents ont acheté leur appartement {clés} en main
63%
N Faire un pied de {nez} est impoli
60%
V Domestique, il est employé comme {valet} de pied
59%
H Les maffieux ont des {hommes} de main
58%
PA Jules déteste ne {pas avoir} pied à la mer
56%
R Jean {retombe} toujours sur ses pieds
54%
FD Jacques aime {faire du} pied à une femme
52%
P Il se croit grand poète ; c'est un Hugo au {petit} pied
46%
S Il est maladroit et a vraiment les deux pieds dans le même {sabot}
40%
S J'ai remis mes bijoux en mains {sûres}
38%
O Etre à pied d'{oeuvre}
37%
F Jules {foule} aux pieds les grands principes
30%
C Vendue, la société {changera} de mains le mois prochain
26%
EC Je me suis changé de pied {en cap}
18%
Aucun quiz correspondant
Distribution des résultats
% des personnes avec chaque résultat
Percentile par nombre de réponses
Votre historique - résultats
Vous n’avez pas pris ce quiz